000 00252nam a2200097Ia 4500
001 689298
005 20250826161631.0
008 250824s9999 xx 000 0 und d
245 0 _aAVUCUNUZDAKİ KELEBEK
_cAHMET ŞERİF İZGÖREN
260 _bELMA YAYINLARI
999 _c689298
_d689298